[Event "Landesliga Ost MV 2014-15"]
[Site "Mecklenburg-Vorpommern"]
[Date "2014.12.07"]
[Round "4.3"]
[White "Hartung, Lothar"]
[Black "Schreiner, Wolfgang"]
[Result "0-1"]
[WhiteElo "1791"]
[BlackElo "1830"]
[PlyCount "78"]
[EventType "team-tourn"]
[EventRounds "9"]
[EventCountry "GER"]
[SourceDate "2014.04.06"]
[WhiteTeam "SG Eintracht Neubrandenburg  "]
[BlackTeam "ESV Waren"]

1. d4 Nf6 2. e3 e6 3. Bd3 b6 4. f4 Bb7 5. Nf3 Be7 6. O-O Ne4 7. Nbd2 f5 8. Bxe4
fxe4 9. Ne5 O-O 10. b3 Qe8 11. Bb2 h5 12. a4 d6 13. Nec4 Qg6 14. Qe1 Nd7 15.
Na3 a6 16. c4 Bf6 17. Nc2 c5 18. Rb1 Rae8 19. Qf2 Qf5 20. Ba1 a5 21. Qg3 Re7
22. Qe1 Ref7 23. Qe2 Be7 24. Kh1 h4 25. h3 Nf6 26. dxc5 Nh5 27. Kh2 Ng3 28. Qf2
Nxf1+ 29. Nxf1 dxc5 30. g4 hxg3+ 31. Nxg3 Qh7 32. Rg1 Bf6 33. Bxf6 Rxf6 34. Qe2
Rh6 35. Qg2 Kf7 36. f5 Rh8 37. fxe6+ Kxe6 38. Rh1 Rxh3+ 39. Kg1 Rxg3 0-1

[Event "Landesliga Ost MV 2014-15"]
[Site "Mecklenburg-Vorpommern"]
[Date "2014.12.07"]
[Round "4.4"]
[White "Wittig, Harry"]
[Black "Pruesse, Horst"]
[Result "0-1"]
[WhiteElo "1867"]
[BlackElo "1994"]
[PlyCount "62"]
[EventType "team-tourn"]
[EventRounds "9"]
[EventCountry "GER"]
[SourceDate "2014.04.06"]
[WhiteTeam "ESV Waren"]
[BlackTeam "SG Eintracht Neubrandenburg  "]

1. d4 Nf6 2. Nf3 b6 3. e3 Bb7 4. Bd3 d6 5. Nbd2 g6 6. O-O Bg7 7. e4 O-O 8. Re1
Nbd7 9. c3 e5 10. Nc4 d5 11. dxe5 Nxe4 12. Bxe4 dxe4 13. Bg5 Qe8 14. Nfd2 Nc5
15. Qc2 Qe6 16. Rf1 Ba6 17. b3 Bxe5 18. Rfe1 Bxc4 19. Nxc4 Bg7 20. Rad1 Rfe8
21. Ne3 f6 22. Bh4 Rad8 23. Rxd8 Rxd8 24. b4 Nb7 25. h3 Rd7 26. c4 c6 27. g4 f5
28. Bg3 Be5 29. Bxe5 Qxe5 30. Ng2 Qd6 31. Re2 Qxb4 0-1

[Event "Landesliga Ost MV 2014-15"]
[Site "Mecklenburg-Vorpommern"]
[Date "2014.12.07"]
[Round "4.5"]
[White "Rossmann, Andreas"]
[Black "Dohnow, Thomas"]
[Result "1-0"]
[WhiteElo "1941"]
[BlackElo "1747"]
[PlyCount "127"]
[EventType "team-tourn"]
[EventRounds "9"]
[EventCountry "GER"]
[SourceDate "2014.04.06"]
[WhiteTeam "SG Eintracht Neubrandenburg  "]
[BlackTeam "ESV Waren"]

1. d4 d5 2. Nf3 a6 3. g3 Nc6 4. Bg2 Bf5 5. O-O Nb4 6. Na3 h6 7. Ne5 e6 8. c3
Nc6 9. Nxc6 bxc6 10. Qa4 Qd7 11. c4 Bxa3 12. Qxa3 Ne7 13. Re1 O-O 14. Bd2 Ng6
15. Bc3 Rfe8 16. f3 Ne7 17. e4 Bh7 18. Rad1 Qd6 19. Bb4 Qd7 20. Qc3 Nc8 21.
cxd5 exd5 22. exd5 Na7 23. f4 cxd5 24. Rxe8+ Rxe8 25. Qc5 c6 26. Rc1 Bd3 27.
Qc3 Be4 28. Bf1 Nb5 29. Qd2 Qe6 30. a4 Nc7 31. Qc3 Qg4 32. h3 Qg6 33. Kf2 Qh5
34. Re1 Ne6 35. Re3 Qf5 36. Bd6 Ng5 37. Qxc6 Rc8 38. Qxa6 Nxh3+ 39. Ke1 Ng1 40.
Bc5 Nf3+ 41. Kf2 Nh2 42. Rc3 Nxf1 43. Qxf1 Re8 44. Re3 Qh5 45. Qg1 Re6 46. a5
Rf6 47. Ke1 Qg4 48. Qh2 Rf5 49. Qh4 Qg6 50. Qd8+ Kh7 51. Kd2 Rh5 52. Qd6 f6 53.
a6 Bb1 54. Kc3 Qc2+ 55. Kb4 Qd2+ 56. Rc3 Qxb2+ 57. Rb3 Qd2+ 58. Kb5 Bd3+ 59.
Kb6 Qa2 60. Ra3 Qb2+ 61. Kc7 Bxa6 62. Rxa6 Qb5 63. Ra8 Rh1 64. Qxd5 1-0

[Event "Landesliga Ost MV 2014-15"]
[Site "Mecklenburg-Vorpommern"]
[Date "2014.12.07"]
[Round "4.6"]
[White "Lotz, Robert"]
[Black "Kunow, Frank"]
[Result "0-1"]
[WhiteElo "1712"]
[BlackElo "1864"]
[PlyCount "76"]
[EventType "team-tourn"]
[EventRounds "9"]
[EventCountry "GER"]
[SourceDate "2014.04.06"]
[WhiteTeam "ESV Waren"]
[BlackTeam "SG Eintracht Neubrandenburg  "]

1. e4 d5 2. exd5 Nf6 3. Bb5+ Bd7 4. Bc4 b5 5. Bb3 Bg4 6. f3 Bc8 7. a4 b4 8. c4
c6 9. dxc6 Nxc6 10. d3 Bf5 11. Be3 Qxd3 12. Qxd3 Bxd3 13. Kf2 Na5 14. Nd2 e6
15. Rc1 Bd6 16. Bd1 Be5 17. Be2 Bxb2 18. Rf1 Bxe2 19. Kxe2 O-O 20. Rb1 Bc3 21.
Nh3 Rfc8 22. Rhc1 Nxc4 23. Nxc4 Rxc4 24. Bd2 Nd5 25. Nf2 Rac8 26. Ne4 Bxd2 27.
Rxc4 Rxc4 28. Nxd2 Rc3 29. Rb3 Rc2 30. Kd3 Ra2 31. g3 Rxa4 32. f4 Ra1 33. Kc4
Ra2 34. Rd3 a5 35. Kb5 a4 36. Kc4 Rc2+ 37. Kb5 a3 38. Nb3 Rb2 0-1

[Event "Landesliga Ost MV 2014-15"]
[Site "Mecklenburg-Vorpommern"]
[Date "2014.12.07"]
[Round "4.7"]
[White "Baier, Karsten"]
[Black "Mayerhoff, Lothar"]
[Result "1-0"]
[WhiteElo "1860"]
[BlackElo "1560"]
[PlyCount "59"]
[EventType "team-tourn"]
[EventRounds "9"]
[EventCountry "GER"]
[SourceDate "2014.04.06"]
[WhiteTeam "SG Eintracht Neubrandenburg  "]
[BlackTeam "ESV Waren"]

1. d4 Nf6 2. c4 e6 3. Nc3 Bb4 4. Bg5 h6 5. Bh4 O-O 6. Qc2 d5 7. e3 Nbd7 8. Nf3
Be7 9. Bd3 b6 10. cxd5 exd5 11. O-O c5 12. Rfe1 Bb7 13. Rac1 c4 14. Bf1 Bc6 15.
Bxf6 Nxf6 16. Ne5 Be8 17. e4 b5 18. Nxd5 Nxd5 19. exd5 Qxd5 20. Nxc4 Bg5 21.
Ne3 Qxd4 22. Rcd1 Qb6 23. Nd5 Qc6 24. Qb3 a6 25. Re5 Bf6 26. Rf5 Qe6 27. Nxf6+
gxf6 28. Qg3+ Kh8 29. Rh5 f5 30. Rd6 1-0

[Event "Landesliga Ost MV 2014-15"]
[Site "Mecklenburg-Vorpommern"]
[Date "2014.12.07"]
[Round "4.8"]
[White "Stork, Leonard Christopher"]
[Black "Winkler, Karl"]
[Result "0-1"]
[WhiteElo "1388"]
[BlackElo "1811"]
[PlyCount "66"]
[EventType "team-tourn"]
[EventRounds "9"]
[EventCountry "GER"]
[SourceDate "2014.04.06"]
[WhiteTeam "ESV Waren"]
[BlackTeam "SG Eintracht Neubrandenburg  "]

1. Nf3 Nf6 2. d4 e6 3. c4 Bb4+ 4. Nc3 c5 5. Bg5 Qa5 6. Rc1 Qxa2 7. Qd2 Bxc3 8.
Qxc3 Ne4 9. Qc2 Qa5+ 10. Bd2 Nxd2 11. Nxd2 cxd4 12. g3 Nc6 13. Bg2 b6 14. O-O
Bb7 15. Ne4 Qe5 16. f4 Qc7 17. c5 O-O 18. Rfd1 Nb4 19. Qd2 Nc6 20. Qd3 f5 21.
Ng5 Rac8 22. e3 h6 23. Nh3 bxc5 24. Rxc5 d6 25. Rc2 Qb6 26. Bxc6 Rxc6 27. exd4
Rfc8 28. Rxc6 Qxc6 29. Qe2 Qh1+ 30. Kf2 Qxh2+ 31. Kf1 Qxh3+ 32. Ke1 Qxg3+ 33.
Kf1 Bd5 0-1

[Event "Landesliga Ost MV 2014-15"]
[Site "Mecklenburg-Vorpommern"]
[Date "2014.12.07"]
[Round "4.1"]
[White "Schmidt, Peter"]
[Black "Jeske, Holger"]
[Result "1-0"]
[WhiteElo "2091"]
[BlackElo "1833"]
[PlyCount "29"]
[EventType "team-tourn"]
[EventRounds "9"]
[EventCountry "GER"]
[SourceDate "2014.04.06"]
[WhiteTeam "SV Motor Wolgast"]
[BlackTeam "SSC Rostock 07  III"]

1. e4 d6 2. d3 e5 3. Be2 f5 4. Nc3 Nf6 5. f4 Nc6 6. Nf3 Be7 7. O-O O-O 8. Nd5
fxe4 9. dxe4 Nxe4 10. Nxe7+ Nxe7 11. fxe5 dxe5 12. Bc4+ Kh8 13. Qxd8 Rxd8 14.
Nxe5 Nd6 15. Bg5 1-0

[Event "Landesliga Ost MV 2014-15"]
[Site "Mecklenburg-Vorpommern"]
[Date "2014.12.07"]
[Round "4.2"]
[White "Menkhaus, Wolf Dieter"]
[Black "Patzenhauer, Max"]
[Result "1/2-1/2"]
[WhiteElo "1840"]
[BlackElo "1918"]
[PlyCount "30"]
[EventType "team-tourn"]
[EventRounds "9"]
[EventCountry "GER"]
[SourceDate "2014.04.06"]
[WhiteTeam "SSC Rostock 07  III"]
[BlackTeam "SV Motor Wolgast"]

1. d4 Nf6 2. c4 g6 3. Nc3 Bg7 4. e4 d6 5. f4 O-O 6. Nf3 c5 7. d5 e6 8. Be2 exd5
9. cxd5 Bg4 10. e5 Bxf3 11. Bxf3 Re8 12. O-O dxe5 13. fxe5 Rxe5 14. Bf4 Re8 15.
Nb5 Na6 1/2-1/2

[Event "Landesliga Ost MV 2014-15"]
[Site "Mecklenburg-Vorpommern"]
[Date "2014.12.07"]
[Round "4.3"]
[White "Reinke, Thomas"]
[Black "Moritz, Hartmut"]
[Result "0-1"]
[WhiteElo "1883"]
[BlackElo "1831"]
[PlyCount "90"]
[EventType "team-tourn"]
[EventRounds "9"]
[EventCountry "GER"]
[SourceDate "2014.04.06"]
[WhiteTeam "SV Motor Wolgast"]
[BlackTeam "SSC Rostock 07  III"]

1. e4 e6 2. d4 d5 3. Nc3 Bb4 4. e5 c5 5. Bd2 Bd7 6. Nb5 Bxd2+ 7. Qxd2 Bxb5 8.
Bxb5+ Nc6 9. dxc5 Nge7 10. Ne2 O-O 11. f4 f6 12. exf6 Rxf6 13. O-O b6 14. Bxc6
Nxc6 15. Nd4 Nxd4 16. Qxd4 bxc5 17. Qxc5 Rc8 18. Qxa7 Rxc2 19. Qd4 Rc4 20. Qd2
Qc7 21. g3 Rc2 22. Qd4 Rc4 23. Qe3 Re4 24. Rac1 Qb7 25. Qa3 Re2 26. Rf2 Rxf2
27. Kxf2 e5 28. Qc3 Qb6+ 29. Qc5 Qxb2+ 30. Rc2 Qb7 31. Qc8+ Qxc8 32. Rxc8+ Kf7
33. Ke3 exf4+ 34. gxf4 Ra6 35. Rc2 Ke6 36. Kd4 Ra4+ 37. Kc5 d4 38. Rd2 Kf5 39.
Kb5 Ra3 40. Kb4 Ra7 41. a4 Ke4 42. a5 d3 43. Kb5 Ke3 44. Rd1 Ke2 45. Rg1 d2 0-1

[Event "Landesliga Ost MV 2014-15"]
[Site "Mecklenburg-Vorpommern"]
[Date "2014.12.07"]
[Round "4.4"]
[White "Mueller, Michael"]
[Black "Riebort, Frank"]
[Result "0-1"]
[WhiteElo "1794"]
[BlackElo "1885"]
[PlyCount "84"]
[EventType "team-tourn"]
[EventRounds "9"]
[EventCountry "GER"]
[SourceDate "2014.04.06"]
[WhiteTeam "SSC Rostock 07  III"]
[BlackTeam "SV Motor Wolgast"]

1. d4 Nf6 2. Bg5 g6 3. Bxf6 exf6 4. e4 Bg7 5. Bd3 O-O 6. Ne2 d5 7. exd5 Qxd5 8.
O-O Nc6 9. c3 Qg5 10. f4 Qh4 11. f5 Bh6 12. Nd2 Ne7 13. Ng3 Be3+ 14. Kh1 Bf4
15. Nf3 Qh6 16. Ne4 Nxf5 17. Nxf6+ Kg7 18. Nd5 Ng3+ 19. Kg1 Nxf1 20. Qxf1 c6
21. Nxf4 Qxf4 22. Re1 Be6 23. Re4 Qf6 24. Qc1 Bd5 25. Rf4 Qe7 26. Rh4 h5 27.
Qf4 Bxf3 28. gxf3 Qe1+ 29. Kg2 Rae8 30. Rxh5 Rh8 31. Rxh8 Rxh8 32. Qe5+ Qxe5
33. dxe5 Rd8 34. Bc4 Rd2+ 35. Kg3 Rxb2 36. Bb3 Re2 37. f4 Re3+ 38. Kg4 Rxc3 39.
h4 b5 40. h5 gxh5+ 41. Kxh5 a5 42. Kg5 Rxb3 0-1

[Event "Landesliga Ost MV 2014-15"]
[Site "Mecklenburg-Vorpommern"]
[Date "2014.12.07"]
[Round "4.5"]
[White "Schubert, Volker"]
[Black "Schumann, Harald"]
[Result "0-1"]
[WhiteElo "2059"]
[BlackElo "1860"]
[PlyCount "122"]
[EventType "team-tourn"]
[EventRounds "9"]
[EventCountry "GER"]
[SourceDate "2014.04.06"]
[WhiteTeam "SV Motor Wolgast"]
[BlackTeam "SSC Rostock 07  III"]

1. d4 Nf6 2. Nf3 g6 3. c4 Bg7 4. Nc3 O-O 5. e4 d6 6. Be2 e5 7. O-O Nc6 8. d5
Ne7 9. Ne1 Nd7 10. Be3 f5 11. f3 b6 12. Rc1 a5 13. b3 Nc5 14. a3 Bd7 15. Nd3 a4
16. Nxc5 bxc5 17. bxa4 Nc8 18. Nb5 Nb6 19. a5 Rxa5 20. Bd2 Ra4 21. Qb3 Bxb5 22.
Qxb5 Qd7 23. Qxd7 Nxd7 24. Rc3 Rb8 25. Bd1 Ra7 26. Bc2 f4 27. Ra1 Nb6 28. Kf2
Kf7 29. Ke2 Ke7 30. Kd3 Bf6 31. Be1 g5 32. Rb3 h5 33. h3 Rh8 34. Rbb1 g4 35.
hxg4 hxg4 36. a4 Rh2 37. a5 Nd7 38. fxg4 Rxg2 39. Bd1 Ra8 40. Rc1 Rh8 41. Bd2
Rh3+ 42. Kc2 Rhh2 43. Ra3 Rxd2+ 44. Kb1 Bh4 45. Bc2 Bf2 46. Ra2 Bd4 47. a6 Rh8
48. a7 Ra8 49. Rh1 Nb6 50. Rh7+ Kd8 51. Rh8+ Kd7 52. Ba4+ Nxa4 53. Rh7+ Kc8 54.
Rxd2 Rxa7 55. Rdh2 Nc3+ 56. Kc2 Nxe4 57. R2h6 Ra2+ 58. Kd1 f3 59. g5 Rd2+ 60.
Kc1 Bb2+ 61. Kb1 Nc3# 0-1

[Event "Landesliga Ost MV 2014-15"]
[Site "Mecklenburg-Vorpommern"]
[Date "2014.12.07"]
[Round "4.6"]
[White "Maertin, Heinz"]
[Black "Schellner, Ulf"]
[Result "1/2-1/2"]
[WhiteElo "1673"]
[BlackElo "1632"]
[PlyCount "34"]
[EventType "team-tourn"]
[EventRounds "9"]
[EventCountry "GER"]
[SourceDate "2014.04.06"]
[WhiteTeam "SSC Rostock 07  III"]
[BlackTeam "SV Motor Wolgast"]

1. e4 e6 2. d4 d5 3. Nc3 Nf6 4. Bg5 dxe4 5. Nxe4 Be7 6. Bxf6 gxf6 7. Nf3 b6 8.
Bd3 Bb7 9. Qe2 Nd7 10. O-O-O c6 11. Rhg1 f5 12. Nc3 Qc7 13. g3 Nf6 14. Ne5 Bd6
15. f4 O-O-O 16. Ba6 Kb8 17. Bxb7 Qxb7 1/2-1/2

[Event "Landesliga Ost MV 2014-15"]
[Site "Mecklenburg-Vorpommern"]
[Date "2014.12.07"]
[Round "4.7"]
[White "Klotzsche, Stefan"]
[Black "Bardosch, Karl"]
[Result "1/2-1/2"]
[WhiteElo "1707"]
[BlackElo "1680"]
[PlyCount "87"]
[EventType "team-tourn"]
[EventRounds "9"]
[EventCountry "GER"]
[SourceDate "2014.04.06"]
[WhiteTeam "SV Motor Wolgast"]
[BlackTeam "SSC Rostock 07  III"]

1. c4 e5 2. Nc3 Nf6 3. Qc2 Bc5 4. e3 Nc6 5. a3 a6 6. Nf3 d6 7. Be2 O-O 8. d3
Qe7 9. O-O Bf5 10. e4 Bg6 11. Bg5 Qe6 12. Nd5 Ne8 13. h3 f5 14. b4 Nd4 15. Nxd4
Bxd4 16. Rab1 c6 17. Ne7+ Kh8 18. exf5 Bxf5 19. Nxf5 Qxf5 20. Be7 Rf7 21. Bh4
g5 22. Bg3 Nf6 23. a4 h5 24. b5 h4 25. Bh2 g4 26. hxg4 Nxg4 27. Bxg4 Qxg4 28.
Kh1 h3 29. f3 hxg2+ 30. Qxg2 Qxg2+ 31. Kxg2 Rg8+ 32. Kh1 axb5 33. cxb5 cxb5 34.
Rxb5 Rg6 35. Rd1 Rh7 36. Rbb1 Rf6 37. Kg2 Rg7+ 38. Bg3 Rfg6 39. Rh1+ Kg8 40.
Rh3 Be3 41. Kh2 Bf2 42. Bxf2 Rg2+ 43. Kh1 Rxf2 44. Rb6 1/2-1/2

[Event "Landesliga Ost MV 2014-15"]
[Site "Mecklenburg-Vorpommern"]
[Date "2014.12.07"]
[Round "4.8"]
[White "Raitza, Egon"]
[Black "Zimmermann, Frank"]
[Result "1/2-1/2"]
[WhiteElo "1652"]
[BlackElo "1615"]
[PlyCount "92"]
[EventType "team-tourn"]
[EventRounds "9"]
[EventCountry "GER"]
[SourceDate "2014.04.06"]
[WhiteTeam "SSC Rostock 07  III"]
[BlackTeam "SV Motor Wolgast"]

1. d4 d5 2. Nf3 Nf6 3. e3 e6 4. Bd3 Be7 5. Nbd2 Nbd7 6. O-O O-O 7. Qe2 c5 8. c3
c4 9. Bc2 b5 10. e4 dxe4 11. Nxe4 Bb7 12. Bf4 Nxe4 13. Bxe4 Bd5 14. Bxd5 exd5
15. Rfe1 Re8 16. Qc2 Nf6 17. Ne5 Bd6 18. Bg5 Re6 19. Re3 Qc7 20. Bxf6 Rxf6 21.
Rae1 Re8 22. h3 Rfe6 23. Qf5 g6 24. Qf3 Bxe5 25. dxe5 Rxe5 26. Qf4 Rxe3 27.
Qxc7 Rxe1+ 28. Kh2 R1e2 29. Qxa7 Rxb2 30. a4 bxa4 31. Qxa4 Ree2 32. Qa8+ Kg7
33. Qxd5 Rxf2 34. Qd4+ Kf8 35. Qd8+ Kg7 36. Qd4+ f6 37. Qxc4 Rxg2+ 38. Kh1 Rh2+
39. Kg1 Rxh3 40. Qc7+ Kh6 41. Qf4+ Kh5 42. Qxf6 Rhh2 43. Qe5+ Kg4 44. Qe4+ Kh5
45. Qe5+ g5 46. Qe8+ Kg4 1/2-1/2

[Event "Landesliga Ost MV 2014-15"]
[Site "Mecklenburg-Vorpommern"]
[Date "2014.12.07"]
[Round "4.1"]
[White "Pawlick, Helmut"]
[Black "Hagenlueke, Thomas"]
[Result "1-0"]
[WhiteElo "1816"]
[BlackElo "1940"]
[PlyCount "85"]
[EventType "team-tourn"]
[EventRounds "9"]
[EventCountry "GER"]
[SourceDate "2014.04.06"]
[WhiteTeam "SV Rugia Bergen"]
[BlackTeam "Greifswalder SV  II"]

1. e4 c6 2. Nc3 d5 3. Nf3 dxe4 4. Nxe4 Nf6 5. Nxf6+ exf6 6. d4 Bd6 7. Be2 O-O
8. O-O Bg4 9. c3 Qc7 10. h3 Bh5 11. Nh4 Bxe2 12. Qxe2 Qd7 13. Qf3 Re8 14. Nf5
Bf8 15. Bd2 Qd5 16. Qg4 Re4 17. Nh6+ Kh8 18. Qc8 Nd7 19. Qxa8 gxh6 20. Bxh6 Kg8
21. Bxf8 Nxf8 22. Rfe1 Kg7 23. Rxe4 Qxe4 24. Qb8 Qe2 25. Qg3+ Ng6 26. f4 Qxb2
27. Re1 f5 28. h4 Qd2 29. h5 Qxf4 30. Qxf4 Nxf4 31. Re7 b6 32. a4 Nd5 33. Rxa7
Nxc3 34. Kf1 Kh6 35. Rc7 Kxh5 36. Rxc6 Nd5 37. Rd6 Ne3+ 38. Kg1 Nc2 39. Rxb6
Nxd4 40. a5 Ne2+ 41. Kf2 Nf4 42. a6 Nd5 43. Rb7 1-0

[Event "Landesliga Ost MV 2014-15"]
[Site "Mecklenburg-Vorpommern"]
[Date "2014.12.07"]
[Round "4.2"]
[White "Schwahn, Christian"]
[Black "Pawlowicz, Wolfgang"]
[Result "1-0"]
[WhiteElo "1947"]
[BlackElo "1711"]
[PlyCount "115"]
[EventType "team-tourn"]
[EventRounds "9"]
[EventCountry "GER"]
[SourceDate "2014.04.06"]
[WhiteTeam "Greifswalder SV  II"]
[BlackTeam "SV Rugia Bergen"]

1. e4 c5 2. Nf3 Nc6 3. Bb5 a6 4. Bxc6 bxc6 5. O-O d5 6. d3 Bg4 7. h3 Bh5 8.
Nbd2 e6 9. b3 Be7 10. Bb2 Nf6 11. Re1 O-O 12. a4 Nd7 13. g4 Bg6 14. a5 f5 15.
exf5 exf5 16. Qe2 Bf6 17. Bxf6 Qxf6 18. g5 Qd6 19. Qe6+ Qxe6 20. Rxe6 Rac8 21.
Rae1 Rfe8 22. Re7 Rxe7 23. Rxe7 Be8 24. Ne5 Nxe5 25. Rxe5 Bd7 26. f4 Kf7 27.
Nf3 Re8 28. Kf2 g6 29. Ke1 Rb8 30. Kf2 Rb5 31. Re1 Kf8 32. Ne5 Be8 33. Ra1 Ke7
34. Ra3 Kd6 35. c4 Rb7 36. Nf3 Re7 {(=?)} 37. Ra1 Rb7 38. Re1 Bf7 39. Nd2 Be6
40. Ke2 Rb8 41. Kd1 d4 42. Kc2 Rh8 43. Nf3 Rb8 44. Ne5 Rb7 45. Nxc6 Bxc4 46.
bxc4 Kxc6 47. Re6+ Kd7 48. Rxa6 Kc7 49. Rf6 Kb8 50. a6 Rc7 51. Re6 Ka7 52. Kb3
Ka8 53. Ka4 Ka7 54. Kb5 Ka8 55. Kb6 Rc8 56. Rc6 Rxc6+ 57. Kxc6 Ka7 58. Kxc5 1-0

[Event "Landesliga Ost MV 2014-15"]
[Site "Mecklenburg-Vorpommern"]
[Date "2014.12.07"]
[Round "4.3"]
[White "Wichert, Till"]
[Black "Nauschuetz, Ernst"]
[Result "0-1"]
[WhiteElo "1411"]
[BlackElo "1818"]
[PlyCount "106"]
[EventType "team-tourn"]
[EventRounds "9"]
[EventCountry "GER"]
[SourceDate "2014.04.06"]
[WhiteTeam "SV Rugia Bergen"]
[BlackTeam "Greifswalder SV  II"]

1. c4 Nf6 2. g3 c5 3. Bg2 g6 4. Nc3 Bg7 5. Nf3 O-O 6. O-O Nc6 7. d4 cxd4 8.
Nxd4 Nxd4 9. Qxd4 d6 10. Qd3 Qc7 11. Bd2 Bf5 12. e4 Bd7 13. Rac1 Rfc8 14. b3 a6
15. Rfe1 Be6 16. Nd5 Qd8 17. Be3 Nxd5 18. exd5 Bd7 19. Bg5 f6 20. Bd2 Rab8 21.
b4 b6 22. Qe2 Kf7 23. h4 Qf8 24. Kh2 Re8 25. Bh3 f5 26. g4 e6 27. gxf5 exf5 28.
Qd3 Rxe1 29. Rxe1 Re8 30. Rxe8 Qxe8 31. Qe3 Qd8 32. Qg3 Be5 33. f4 Bf6 34. Be1
Qe7 35. Bf1 Qe4 36. Kh3 b5 37. cxb5 axb5 38. Bg2 Qc2 39. Qf2 Qxf2 40. Bxf2 Bc3
41. a3 Bb2 42. Bb6 Bxa3 43. Ba5 Bb2 44. h5 Bc3 45. Bf3 Kf6 46. Bd8+ Kg7 47. Ba5
Kh6 48. hxg6 hxg6 49. Kh4 Be1+ 50. Kh3 g5 51. fxg5+ Kxg5 52. Kg2 Kf4 53. Be2
Ke3 0-1

[Event "Landesliga Ost MV 2014-15"]
[Site "Mecklenburg-Vorpommern"]
[Date "2014.12.07"]
[Round "4.4"]
[White "Sowada, Christoph"]
[Black "Burwitz, Joerg"]
[Result "1-0"]
[WhiteElo "1902"]
[BlackElo "1676"]
[PlyCount "31"]
[EventType "team-tourn"]
[EventRounds "9"]
[EventCountry "GER"]
[SourceDate "2014.04.06"]
[WhiteTeam "Greifswalder SV  II"]
[BlackTeam "SV Rugia Bergen"]

1. e4 c6 2. Ne2 d5 3. e5 Bf5 4. Ng3 Bg6 5. h4 h6 6. h5 Bh7 7. e6 fxe6 8. d4 Nf6
9. Bd3 Bxd3 10. Qxd3 Qd6 11. f4 Na6 12. Be3 Kd7 13. a3 Nc7 14. Nd2 b5 15. Nf3
Ne4 16. Ne5+ 1-0

[Event "Landesliga Ost MV 2014-15"]
[Site "Mecklenburg-Vorpommern"]
[Date "2014.12.07"]
[Round "4.5"]
[White "Tabbert, Dirk"]
[Black "Malchau, Jochen"]
[Result "1/2-1/2"]
[WhiteElo "1629"]
[BlackElo "1597"]
[PlyCount "49"]
[EventType "team-tourn"]
[EventRounds "9"]
[EventCountry "GER"]
[SourceDate "2014.04.06"]
[WhiteTeam "SV Rugia Bergen"]
[BlackTeam "Greifswalder SV  II"]

1. c4 Nf6 2. Nc3 e6 3. g3 d5 4. Bg2 c6 5. cxd5 exd5 6. d4 Bf5 7. Nf3 Bd6 8. Qb3
Qb6 9. Qxb6 axb6 10. Nh4 Be6 11. Bg5 Nbd7 12. a3 h6 13. Bd2 g5 14. Nf3 b5 15.
O-O Nb6 16. Ne5 Nc4 17. Nxc4 dxc4 18. e4 Bc7 19. f4 g4 20. f5 Bd7 21. e5 Ng8
22. Ne4 O-O-O 23. Nc5 Bb6 24. Be3 Ne7 25. Nxd7 1/2-1/2

[Event "Landesliga Ost MV 2014-15"]
[Site "Mecklenburg-Vorpommern"]
[Date "2014.12.07"]
[Round "4.6"]
[White "Kriese, Ralf"]
[Black "Pawlowicz, Karsten"]
[Result "1-0"]
[WhiteElo "1656"]
[BlackElo "1592"]
[PlyCount "101"]
[EventType "team-tourn"]
[EventRounds "9"]
[EventCountry "GER"]
[SourceDate "2014.04.06"]
[WhiteTeam "Greifswalder SV  II"]
[BlackTeam "SV Rugia Bergen"]

1. e4 c5 2. Nf3 Nc6 3. d4 cxd4 4. Nxd4 d6 5. Nc3 Nf6 6. Be2 g6 7. Be3 Bg7 8. f3
O-O 9. Qd2 Nd7 10. h4 Nxd4 11. Bxd4 Bxd4 12. Qxd4 Qb6 13. O-O-O Qxd4 14. Rxd4
Nb6 15. f4 Bd7 16. Bf3 Bc6 {(=?)} 17. Nd5 Bxd5 18. exd5 Rac8 19. Re1 Rc7 20. b3
Re8 21. Kb2 Nd7 22. c4 b6 23. Bg4 a5 24. a3 Kf8 25. h5 Nf6 {(=?)} 26. Bf3 Kg7
27. Rh1 gxh5 28. Bxh5 Nxh5 29. Rxh5 e5 30. fxe5 Rxe5 31. Rg4+ Kf6 32. Rh6+ Kf5
33. Rg3 Rd7 34. Rxh7 Ree7 35. Kc3 Re1 36. Rh5+ Kf6 37. Rf3+ Kg6 38. Rh4 f5 39.
Rhf4 Re5 40. Rg3+ Kf6 41. Rg8 Kf7 42. Rb8 Re3+ 43. Kc2 Re2+ 44. Kd3 Rde7 45.
Rxf5+ Kg6 46. Rf3 Rxg2 47. Rxb6 Ree2 48. Rxd6+ Kg5 49. Kd4 Ra2 50. a4 Kg4 51.
Rf8 1-0

[Event "Landesliga Ost MV 2014-15"]
[Site "Mecklenburg-Vorpommern"]
[Date "2014.12.07"]
[Round "4.7"]
[White "Behrens, Christoph"]
[Black "Schmidt, Thomas"]
[Result "1-0"]
[WhiteElo "1634"]
[BlackElo "1507"]
[PlyCount "119"]
[EventType "team-tourn"]
[EventRounds "9"]
[EventCountry "GER"]
[SourceDate "2014.04.06"]
[WhiteTeam "SV Rugia Bergen"]
[BlackTeam "Greifswalder SV  II"]

1. e4 e5 2. Nf3 Nc6 3. Bb5 a6 4. Ba4 b5 5. Bb3 Bc5 6. O-O d6 7. h3 Bb7 8. d3
Na5 9. Nc3 Nxb3 10. axb3 Ne7 11. Be3 Bxe3 12. fxe3 O-O 13. Nh4 Ng6 14. Nf5 Nh4
15. Qg4 Nxf5 16. exf5 f6 17. e4 Rf7 18. Ne2 d5 19. Rad1 dxe4 20. dxe4 Rd7 21.
Ng3 Qe7 22. Rxd7 Qxd7 23. Rd1 Qe7 24. Nh5 Rf8 25. Kh2 Rf7 26. Rd3 c5 27. Qd1 h6
28. Ng3 Bc6 29. Rd6 Qb7 30. Qg4 Qc7 31. Re6 Kh8 32. Qg6 Re7 33. Nh5 Be8 34.
Rxe7 Qxe7 35. Qg4 Qf7 36. Ng3 Qd7 37. Qf3 Qd2 38. Qe2 Qxe2 39. Nxe2 Bc6 40. Ng3
h5 41. h4 Kh7 42. Kg1 g6 43. fxg6+ Kxg6 44. Kf2 Bd7 45. Ke3 f5 46. exf5+ Bxf5
47. Ne4 c4 48. bxc4 bxc4 49. c3 Be6 {(=?)} 50. Nc5 Bc8 51. g3 Kf5 52. Ne4 Kg4
53. Kf2 Bb7 54. Nf6+ Kf5 55. Nxh5 Ke4 56. Nf6+ Kd3 57. h5 Kd2 58. h6 e4 59. Ng4
e3+ 60. Nxe3 1-0

[Event "Landesliga Ost MV 2014-15"]
[Site "Mecklenburg-Vorpommern"]
[Date "2014.12.07"]
[Round "4.8"]
[White "Motullo, Jens"]
[Black "Rosenbusch, Robert Mario"]
[Result "1-0"]
[WhiteElo "1617"]
[BlackElo "1664"]
[PlyCount "92"]
[EventType "team-tourn"]
[EventRounds "9"]
[EventCountry "GER"]
[SourceDate "2014.04.06"]
[WhiteTeam "Greifswalder SV  II"]
[BlackTeam "SV Rugia Bergen"]

1. e4 e6 2. b3 d5 3. e5 c5 4. Bb2 Nc6 5. f4 Nge7 6. Nf3 Nf5 7. Bd3 Nh4 8. O-O
c4 9. Be2 Nf5 10. Kh1 Qb6 11. c3 h5 12. Ng5 g6 13. Na3 Be7 14. Rb1 Bxg5 15.
fxg5 h4 16. Rxf5 exf5 17. bxc4 Nxe5 18. cxd5 O-O 19. Qe1 f6 20. Qxh4 Qd8 21.
gxf6 Rf7 22. c4 Rh7 23. Qg3 Ng4 24. Bxg4 fxg4 25. Qe5 Bf5 26. Re1 Qd7 27. Nb5
g3 28. Qxg3 Re8 29. Rxe8+ Qxe8 30. f7+ Rxf7 31. Nd6 Qa4 32. h3 Qxa2 33. Nxf7
Qxb2 34. Nh6+ Kh7 35. Nxf5 gxf5 36. Qh4+ Kg6 37. Qg3+ Kf7 38. Qc7+ Kg6 39. Qd6+
Kg5 40. c5 f4 41. h4+ Kxh4 42. Qxf4+ Kh5 43. g4+ Kh4 44. g5+ Kh5 45. d6 Qc1+
46. Kg2 Qxd2+ 1-0